Retorika (Filipino 3 : para sa antas tersyarya) (Record no. 9244)

MARC details
000 -LEADER
fixed length control field 00663nam a22002057a 4500
003 - CONTROL NUMBER IDENTIFIER
control field OSt
005 - DATE AND TIME OF LATEST TRANSACTION
control field 20260318002744.0
008 - FIXED-LENGTH DATA ELEMENTS--GENERAL INFORMATION
fixed length control field 260318b |||||||| |||| 00| 0 eng d
020 ## - INTERNATIONAL STANDARD BOOK NUMBER
International Standard Book Number 971-506-332-2.
040 ## - CATALOGING SOURCE
Original cataloging agency DWCL Main lib
Transcribing agency OC
082 ## - DEWEY DECIMAL CLASSIFICATION NUMBER
Edition number Rev. ed
Classification number Fil. 490.7 S939r 2005
100 ## - MAIN ENTRY--PERSONAL NAME
Personal name Suarez-Buensuceso, Teresita
245 ## - TITLE STATEMENT
Title Retorika (Filipino 3 : para sa antas tersyarya)
Statement of responsibility, etc. teresita Suarez-Buensuceso
250 ## - EDITION STATEMENT
Edition statement Rev. ed
260 ## - PUBLICATION, DISTRIBUTION, ETC.
Place of publication, distribution, etc. Manila :
Name of publisher, distributor, etc. UST Publishing House,
Date of publication, distribution, etc. c2005.
300 ## - PHYSICAL DESCRIPTION
Extent viii, 224 p. ;
Dimensions 23 cm.
504 ## - BIBLIOGRAPHY, ETC. NOTE
Bibliography, etc. note Filipino language-Study and teaching.
700 ## - ADDED ENTRY--PERSONAL NAME
Personal name Jose Dakila N. Espiritu
942 ## - ADDED ENTRY ELEMENTS (KOHA)
Source of classification or shelving scheme Dewey Decimal Classification
Koha item type Book-Filipiniana
Edition Rev. ed
Call number prefix Fil.
Suppress in OPAC No
952 ## - LOCATION AND ITEM INFORMATION (KOHA)
--
Holdings
Withdrawn status Lost status Source of classification or shelving scheme Damaged status Not for loan Home library Current library Shelving location Date acquired Source of acquisition Cost, normal purchase price Total Checkouts Full call number Barcode Date last seen Copy number Price effective from Koha item type Uniform Resource Identifier
    Dewey Decimal Classification     College Library College Library Filipiniana 06/18/2007 Donation 0.00   Fil. 490.7 S939r 2005 CL44811 03/18/2026 c1 03/18/2026 BK - FIL